| Поле | Инд. | ПП | Название | Значение |
|---|---|---|---|---|
| Тип записи | a | |||
| Библиографический уровень | b | |||
| 001 | Контрольный номер | RU/IS/BASE/140797218 | ||
| 005 | Дата корректировки | 20200522190747.1 | ||
| 084 | a | Индекс другой классификации/Индекс ББК | 60.561.3; 60.523; 71.08; 66.01 | |
| 100 | 1_ | a | Автор | Богатырева Т. Г. |
| 245 | a | Заглавие | Государство и культура в условиях глобально-локальной динамики | |
| 504 | a | Библиография | Библиогр. ссылки | |
| 520 | a | Аннотация | В статье рассматривются взаимоотношения культуры и государства в условиях глобализации | |
| 650 | a | Основная рубрика | культурология | |
| a | Основная рубрика | политика | ||
| a | Основная рубрика | политическая социология | ||
| a | Основная рубрика | политическая философия (философия политики) | ||
| a | Основная рубрика | социология | ||
| a | Основная рубрика | социология культуры | ||
| 653 | a | Ключевые слова | власть | |
| a | Ключевые слова | глобализация | ||
| a | Ключевые слова | государственная деятельность | ||
| a | Ключевые слова | государство | ||
| a | Ключевые слова | информационное общество | ||
| a | Ключевые слова | коммуникационные процессы | ||
| a | Ключевые слова | культура | ||
| a | Ключевые слова | культурное развитие | ||
| a | Ключевые слова | культурно-идеологическое взимодействие | ||
| a | Ключевые слова | культурно-информационные процессы | ||
| a | Ключевые слова | культурно-коммуникационные процессы | ||
| a | Ключевые слова | культурные процессы | ||
| a | Ключевые слова | культурные ценности | ||
| a | Ключевые слова | рынок | ||
| a | Ключевые слова | социокультурные процессы | ||
| 773 | t | Заглавие источника | Вестник Московского университета. Серия 18, Социология и политология | |
| d | Дата издания источника | 2002 | ||
| g | Прочая информация | № 4. - С. 61 - 73 | ||
| w | Контрольный № источника | RU/IS/BASE/148578004 | ||
| 901 | t | Тип документа | b |